| 000 | 00846cab a2200277 4500 | ||
|---|---|---|---|
| 001 | ABS51861 | ||
| 008 | 090401t1994 xxu||||| |||| 00| 0 eng d | ||
| 035 | _a(Sirsi) u47439 | ||
| 041 | _aeng | ||
| 100 | _aBuckett, A. | ||
| 245 | _aVAT reliefs boost for property industry | ||
| 260 | _c1994 | ||
| 350 | _a0 | ||
| 490 |
_aProperty Finance & Development _v6(11) November 1994, 5-6(2) |
||
| 520 | _aDiscusses simplification of the VAT rules for non-domestic property transactions and considers the background to the decision. | ||
| 650 | _aPROPERTY-COMMERCIAL PROPERTY | ||
| 650 | _aDEVELOPERS SELF-SUPPLY | ||
| 650 | _aNON-DOMESTIC PROPERTY | ||
| 650 | _aOPTION TO TAX | ||
| 650 | _aPROPERTY TRANSACTIONS | ||
| 650 | _aVALUE ADDED TAX | ||
| 650 | _aVALUE ADDED TAX | ||
| 690 | _aTAXATION | ||
| 942 | _n0 | ||
| 948 | _c04/03/1997 | ||
| 999 |
_c29920 _d29920 |
||